书目信息 |
| 题名: |
CCTV发现之旅
|
|
| 作者: | ;CCTV发现之旅栏目组 编 | |
| 分册: | 玄秘幻术 | |
| 出版信息: | 上海 上海科学技术文献出版社 2006.01 |
|
| 页数: | 145页 | |
| 开本: | 23cm | |
| 丛书名: | ||
| 单 册: | ||
| 中图分类: | Z228 | |
| 科图分类: | ||
| 主题词: | 科学知识--ke xue zhi shi--普及读物 | |
| 电子资源: | ||
| ISBN: | 7-5439-2783-7 | |
| 000 | 00840nam0 2200229 450 | |
| 001 | 012006805374 | |
| 005 | 20060628160420.68 | |
| 010 | @a7-5439-2783-7@dCNY23.00 | |
| 100 | @a20060610d2006 km y0chiy0120 ea | |
| 101 | 0 | @achi |
| 102 | @aCN@b310000 | |
| 105 | @aa z 000yy | |
| 200 | 1 | @aCCTV发现之旅@ACCTV fa xian zhi lu@i玄秘幻术@f[《CCTV发现之旅》栏目组编]@F[《CCTV fa xian zhi lu》lan mu zu bian] |
| 210 | @a上海@c上海科学技术文献出版社@d2006.01 | |
| 215 | @a145页@c图@d23cm | |
| 330 | @a本书包括玄秘幻术、噩梦时刻、石碑上的战争、雾夜鸟飞来、恐怖的水、第十九层地狱、健康密码等几部分内容。 | |
| 517 | 1 | @a玄秘幻术@Axuan mi huan shu |
| 606 | 0 | @a科学知识@Ake xue zhi shi@j普及读物 |
| 690 | @aZ228@v4 | |
| 711 | 02 | @aCCTV发现之旅栏目组@ACCTV fa xian zhi lu lan mu zu@4编 |
| 801 | 0 | @aCN@bQSSK@c20060628 |
| 905 | @a10447@dZ228@eF002 | |
| CCTV发现之旅.玄秘幻术/[《CCTV发现之旅》栏目组编].-上海:上海科学技术文献出版社,2006.01 |
| 145页:图;23cm |
| ISBN 7-5439-2783-7:CNY23.00 |
| 本书包括玄秘幻术、噩梦时刻、石碑上的战争、雾夜鸟飞来、恐怖的水、第十九层地狱、健康密码等几部分内容。 |
| ● |
| 相关链接 |
|
|
|
正题名:CCTV发现之旅
索取号:Z228/F002
 
预约/预借
| 序号 | 登录号 | 条形码 | 馆藏地/架位号 | 状态 | 备注 |
| 1 | 583001 | 205830010 | 自科库501/501自科库 126排1列4层/ [索取号:Z228/F002] | 在馆 | |
| 2 | 583002 | 205830029 | 自科二线400A/400A自科库 28排2列2层/ [索取号:Z228/F002] | 在馆 | |
| 3 | 583003 | 205830038 | 自科二线400A/400A自科库 28排2列2层/ [索取号:Z228/F002] | 在馆 |